Mechanism for movement of eggs along insect ovipositors (Registro nro. 12605)

Detalles MARC
000 -CABECERA
Campo de control 005190000a22001690004500
090 ## - CLASIFICACIÓN LOCAL
Colección AR
Consecutivo 03555
041 0# - IDIOMA
Código de idioma para texto/pista de sonido o título separado
100 1# - ASIENTO PRINCIPAL--NOMBRE PERSONAL
Nombre personal Austin, A. D.
245 10 - MENCION DE TITULO
Título Mechanism for movement of eggs along insect ovipositors
650 14 - ASIENTO SECUNDARIO DE MATERIA - TERMINO TEMATICO
Término temático o nombre geográfico como elemento de entrada Entomología
650 14 - ASIENTO SECUNDARIO DE MATERIA - TERMINO TEMATICO
Término temático o nombre geográfico como elemento de entrada Fisiología
650 14 - ASIENTO SECUNDARIO DE MATERIA - TERMINO TEMATICO
Término temático o nombre geográfico como elemento de entrada Comportamiento sexual
650 14 - ASIENTO SECUNDARIO DE MATERIA - TERMINO TEMATICO
Término temático o nombre geográfico como elemento de entrada Anatomía
700 1# - ASIENTO SECUNDARIO - NOMBRE PERSONAL
Nombre personal Browning, T. O.
773 1# - Item fuente:
Título International Journal of Insect Morphology & Embriology
Descripción física 2
Paginas del Articulo 93-108
Lugar, editorial y fecha de publicación 1981
Información sobre la relación 10
942 ## - ELEMENTOS ADICIONALES (KOHA)
Tipo de ítem Artículo
Existencias
Withdrawn status Lost status Damaged status No para préstamo Colección Ubicación Permanente Ubicación actual Fecha de adquisición Datos de publicación Seriada Total Checkouts Número topográfico Inventario / Código de Barras Date last seen Price effective from Forma de adquisición Tipo de material
      No para Préstamo Hemeroteca Bogotá Bogotá 27/02/2015 Fuera de circulación   AR 03555 014495 25/03/2015 25/03/2015   Artículo